الوحش ذو الرؤوس السبعة / (رقم التسجيلة. 38986)

تفاصيل مارك
000 -LEADER
fixed length control field 00607nam a22001817a 4500
005 - DATE AND TIME OF LATEST TRANSACTION
control field 20251108170053.0
008 - FIXED-LENGTH DATA ELEMENTS--GENERAL INFORMATION
fixed length control field 250721s1994 xx 000 0 ara d
082 14 - DEWEY DECIMAL CLASSIFICATION NUMBER
Classification number ط/ق/عما
100 1# - MAIN ENTRY--PERSONAL NAME
Personal name المطلبي، عمار يوسف
245 10 - TITLE STATEMENT
Title الوحش ذو الرؤوس السبعة /
264 1# - PRODUCTION, PUBLICATION, DISTRIBUTION, MANUFACTURE, AND COPYRIGHT NOTICE
Place of production, publication, distribution, manufacture عمان :
Name of producer, publisher, distributor, manufacturer دار المنهل للنشر و التوزيع،
Date of production, publication, distribution, manufacture, or copyright notice 1994.
300 ## - PHYSICAL DESCRIPTION
Extent 24ص
490 0# - SERIES STATEMENT
Series statement حكايات من مملكة الكيمياء : حكاية الكبريت ؛ 10
650 17 - SUBJECT ADDED ENTRY--TOPICAL TERM
Topical term or geographic name as entry element أدب الأطفال
650 17 - SUBJECT ADDED ENTRY--TOPICAL TERM
Topical term or geographic name as entry element القصص العربية
942 ## - ADDED ENTRY ELEMENTS (KOHA)
Source of classification or shelving scheme Dewey Decimal Classification
Koha item type كتب
المقتنيات
حالة السحب حالة الفقدان مصدر التصنيف حالة التلف غير قابل للإعارة المكتبة الرئيسية المكتبة الحالية موقع الرف تاريخ التزويد الرقم المتسلسل Total Checkouts رقم الإستدعاء تاريخ آخر ظهور تاريخ الفاتورة نوع المادة (كوها) الباركود
    Dewey Decimal Classification     مكتبة الاميرة بديعة مكتبة الاميرة بديعة الأطفال 20/06/2015 [4104]..   ط/ق/عما 28/07/2025 20/06/2015 كتب PLD00332502
    Dewey Decimal Classification Unchecked   مكتبة الجويدة مكتبة الجويدة الأطفال 06/07/2004 2266   ط/ق/عما 28/07/2025 06/07/2004 كتب  
    Dewey Decimal Classification Unchecked   مكتبة الراية الهاشمية للأطفال مكتبة الراية الهاشمية للأطفال الأطفال 28/07/2025 297924   ط/ق/عما 28/07/2025 28/07/2025 كتب  
    Dewey Decimal Classification     مكتبة الراية الهاشمية للأطفال مكتبة الراية الهاشمية للأطفال الأطفال 02/01/2003 297924   ط/ق/عما 28/07/2025 02/01/2003 كتب PLD00354989
    Dewey Decimal Classification     مكتبة النصر العامة مكتبة النصر العامة الأطفال 09/05/2015 [ 5094 ]]   ط/ق/عما 28/07/2025 09/05/2015 كتب PLD00388350
    Dewey Decimal Classification Unchecked   مكتبة حمزة العامة مكتبة حمزة العامة الأطفال 06/07/2004 2809   ط/ق/عما 28/07/2025 06/07/2004 كتب  
    Dewey Decimal Classification     مكتبة صويلح العامة مكتبة صويلح العامة الأطفال 21/08/2019 06178   ط/ق/عما 28/07/2025 21/08/2019 كتب PLD00463449
Implemented & Customized by: BBB with SCIT (Smart Chains for Information Technology)

Powered by Koha